[Event "London League"]
[Site "London"]
[Date "1979.10.03"]
[Round "?"]
[White "Philip Gasper, (White)"]
[Black "George Leyton, (Black)"]
[Result "1-0"]
[WhiteElo "187"]
[BlackElo "180"]
[Annotator "Philip Gasper"]
[PlyCount "65"]
[EventDate "1978.04.13"]
[EventType "simul"]
[EventRounds "145"]
[SourceVersionDate "2020.02.28"]
[WhiteTeam "W&W"]
[BlackTeam "Drunken Knights"]

{Notes by Philip Gasper.} 1. c4 e5 2. Nc3 Nc6 3. e3 f5 {A popular but rather
crude system. Black's main difficulty is where to put his KB.} 4. g3 {4 d4
would allow Black to solve one of his major problems with 4 ...Bb4, but in an
earlier game in which I allowed this, the soundness of White' position still
triumphed. (Game below.) In the present game, the same themes recur - control
of d5and the a1-h8 diagonal.} (4. d4 Bb4 5. Nge2 d6 6. g3 Nf6 7. Bg2 O-O (7...
exd4) 8. O-O Bxc3 9. Nxc3 Qe8 10. Nd5 Qf7 11. b3 Kh8 12. Bb2 exd4 $2 (12... e4)
13. exd4 Nxd5 14. Bxd5 Qf6 15. f4 Bd7 16. Qd2 Rae8 17. Bf3 Qf7 18. d5 Nd8 $2 (
18... Ne7) 19. Rae1 b6 20. Qc3 a5 21. Bh5 Rxe1 22. Rxe1 $1 Qf6 23. Qxf6 gxf6
24. Re7 {1-0.}) 4... Nf6 5. Bg2 Bc5 {On this square the bishop is liable to be
hit by a later b4 or d4, but e7 would be very passive square and it is too
late for the luxury of a K-side fianchetto. Finally, 5 ...Bb4 would now be met
by 6 Nd5.} 6. Nge2 e4 $6 {Premature and rather anti-positional. Black should
be trying for ...f4.} 7. d3 exd3 8. Nf4 d2+ 9. Qxd2 d6 10. a3 a5 11. b3 O-O 12.
O-O Ne5 13. Rb1 Kh8 14. Rd1 Ba7 15. Bb2 Qe8 16. Nfd5 {White's pieces
co-operate so well that the position virtually plays itself. In contrast,
Black's only decent bits are his knights. He now moves his bishop from a silly
square to an even sillier one.} Bb8 ({But he has to protect c7 somehow, e.g.} 
16... Qf7 17. Nxf6 {followed by Nd5 and Qxa5.}) 17. Nxf6 Rxf6 18. Nd5 Rf8 (
18... Rh6 {would be a futile gesture which would only weaken Black's back rank.
}) 19. Qc3 {This embarrassing pin of Black's only active piece leaves his
position quite hopeless.} Qf7 20. c5 Ra6 21. Nf4 Ng6 22. Nh5 Ne5 23. Nf4 Ng6
24. Nxg6+ Qxg6 25. cxd6 Rxd6 ({Or} 25... cxd6 26. Rbc1 {and the b-pawn will
drop.}) 26. Rxd6 cxd6 27. Rc1 ({Not} 27. Qxa5 f4) 27... Be6 28. Qxa5 Bxb3 29.
Qb6 Be6 30. Qxb7 f4 31. exf4 d5 32. Bd4 Bxf4 {A last fling. I was hoping for
something like 32 ...Bd6.} (32... Bd6 33. Bxd5 Bxd5 34. Qxd5 Bxf4 35. Rc6 Qb1+
36. Kg2 Bb8 37. Qf7 $1 Qe4+ 38. Kh3 Rg8 39. Qxg7+ $1 Rxg7 40. Rc8+ Qe8 41.
Rxe8#) 33. gxf4 {Black Resigns. If 33 ...Bh3 34 Qxg7+ Qxg7 35 Bxg7+ Kxg7 36
Bxh3 etc.} 1-0

[Event "Essex League"]
[Site "Gants Hill"]
[Date "1979.11.15"]
[Round "?"]
[White "P Szabo, (White)"]
[Black "Terry Whitton, (Black)"]
[Result "0-1"]
[WhiteElo "157"]
[BlackElo "167"]
[Annotator "First Rank"]
[PlyCount "48"]
[EventDate "1978.04.13"]
[EventType "simul"]
[EventRounds "145"]
[SourceVersionDate "2020.02.28"]
[WhiteTeam "Ilford 1"]
[BlackTeam "W&W 1"]

1. Nf3 Nf6 2. g3 g6 3. Bg2 Bg7 4. d3 c5 5. O-O O-O 6. Nbd2 Nc6 7. c3 d6 8. e4
Rb8 9. d4 (9. Nh4 {followed by f4 is a more consistent plan.}) 9... Bg4 10. Qc2
Qd7 11. d5 Nd8 12. Rd1 (12. Re1 {is more to the point.}) 12... b5 13. Nf1 a5
14. Ne3 Bxf3 15. Bxf3 Nb7 16. a4 c4 17. axb5 Qxb5 18. Be2 (18. Qa4 {seems to
win a pawn.}) 18... Rfc8 19. Nxc4 Rxc4 20. b3 $2 (20. Rd4 $18) 20... Rxc3 {
The reply White overlooked.} 21. Qxc3 Qxe2 22. Re1 Qxf2+ $1 23. Kxf2 Ng4+ 24.
Kg2 Bxc3 {...and White soon resigned.} 0-1

[Event "Essex League"]
[Site "Chadwell Heath"]
[Date "1979.12.05"]
[Round "?"]
[White "Ian Hunnable, (White)"]
[Black "R Chisholm, (Black)"]
[Result "1-0"]
[WhiteElo "178"]
[BlackElo "136"]
[Annotator "Hunnable,Ian"]
[PlyCount "69"]
[EventDate "1979.12.05"]
[EventType "simul"]
[EventRounds "145"]
[SourceVersionDate "2020.02.28"]
[WhiteTeam "Chadwell Heath"]
[BlackTeam "W&W 1"]

1. Nf3 d5 2. d4 Nf6 3. c4 e6 4. Bg5 Be7 5. e3 O-O 6. Nbd2 h6 7. Bh4 Ne4 8. Bxe7
Qxe7 9. Nxe4 $6 dxe4 10. Nd2 e5 $1 11. d5 ({Not} 11. Nxe4 $2 exd4 12. Qxd4 Rd8
$19) 11... Bf5 12. Be2 c6 ({I expected} 12... Nd7 13. O-O Nc5 {but Black can't
yet reach d3, e.g. if} 14. Rb1 Nd3 $2 15. Bxd3 exd3 16. e4 $16 {etc.}) 13. dxc6
Nxc6 14. a3 Rad8 {Here 14 ...Qg5 seems best as White can't castle king's on
account of 15 ...Bh3.} 15. O-O Qg5 {Now it's different.} 16. Re1 Rd6 17. Qc2
Bh3 18. Bf1 {Perhaps 18 g3 is safter, but I thought the bishop would have to
go here eventually and decided not to move the pawns until necessary (old
maxim). Turns out I was right...} Bxg2 $2 ({I had expected Black to try for
this after} 18... Rg6 19. Qxe4 f5 (19... Bxg2 {transposes to the game.}) {
but then} 20. Qd5+ Kh7 21. g3 $11 ({but not} 21. Qf3 $4 Bxg2 22. Bxg2 e4 23.
Qg3 Qh5 24. Qf4 Qh3 $19) (21. Qf3 Bxg2 22. Bxg2 e4 23. Qg3 Qh5 24. Qf4 Qh3 {
wins, which presumably the line Black was trying for with his 18th.})) 19. Bxg2
Rg6 20. Qxe4 f5 21. f4 $1 {This is what Black had missed.} Qe7 22. Qf3 exf4 23.
exf4 Qf6 24. Rab1 Rd8 25. Qe3 Nd4 26. Qe7 Qb6 27. c5 Qc6 $2 {At the time I
thought this was a '!' move because I'd missed it, but White has a defence.}
28. Qxd8+ Kh7 29. Ne4 Nf3+ ({If} 29... fxe4 30. Re3 $18 {White is safely a
rook ahead.}) 30. Kh1 fxe4 31. Rbc1 Rg4 ({Black can't play} 31... Nxe1 32. Rxe1
Re6 33. Bxe4+ Rxe4 34. Qd3 $1) 32. Qd6 Qc8 33. Bxf3 exf3 34. Qd3+ Kg8 35. Qxf3
{1-0} 1-0

[Event "Essex League"]
[Site "Upminster"]
[Date "1979.11.08"]
[Round "?"]
[White "K Spencer, (White)"]
[Black "Roy Wagstaff, (Black)"]
[Result "1-0"]
[WhiteElo "146"]
[BlackElo "156"]
[PlyCount "47"]
[EventDate "1978.04.13"]
[EventType "simul"]
[EventRounds "145"]
[SourceVersionDate "2020.02.28"]
[WhiteTeam "Upminster 1"]
[BlackTeam "W&W 1"]

1. g3 d6 2. Bg2 g6 3. e4 Bg7 4. f4 Nc6 5. Nc3 e5 6. fxe5 Nxe5 $2 7. d4 Nc6 8.
Be3 Nge7 9. Nge2 O-O 10. Qd2 f5 11. O-O-O a6 12. h4 h5 13. Bh6 Qe8 14. Bxg7
Kxg7 15. exf5 Nxf5 $2 16. Nd5 Qf7 17. Qg5 Be6 18. Nef4 Kh7 $2 19. Nxc7 Bxa2 20.
Nxa8 Rxa8 21. Be4 d5 22. Bxf5 Qxf5 23. Qxf5 gxf5 24. b3 {1-0} 1-0

[Event "Essex League"]
[Site "Wanstead"]
[Date "1979.10.30"]
[Round "?"]
[White "Peter Smith, (White)"]
[Black "P Rose, (Black)"]
[Result "1/2-1/2"]
[WhiteElo "152"]
[BlackElo "157"]
[Annotator "First Rank"]
[PlyCount "41"]
[EventDate "1978.04.13"]
[EventType "simul"]
[EventRounds "145"]
[SourceVersionDate "2020.02.28"]
[WhiteTeam "W&W 3B"]
[BlackTeam "PERME"]

1. e4 c5 2. Nf3 d6 3. d4 cxd4 4. Nxd4 Nf6 5. Nc3 g6 6. Be3 Bg7 7. Qd2 $2 {
The sharp Yugoslav Attack calls for precise play on both sides. Here White has
omitted the crucial 7 f3 and Black could have taken advantage with an
immediate 7 ...Ng4! when there is no good square for the bishop and the
threatened ...Qb6 is embarrassing.} (7. f3) 7... Nc6 $2 (7... Ng4) 8. f3 {
Back to the main line.} Bd7 {...and out of it again!} (8... O-O 9. Bc4 (9.
O-O-O $2 d5 10. exd5 Nxd5 11. Nxc6 bxc6 12. Nxd5 cxd5 13. Qxd5 Qc7 14. Qxa8 Bf5
15. Qxf8+ Kxf8 {MCO 11 gives this position as equalm but so far as I am
concerned, it is better for Black in practical play.})) 9. O-O-O d5 $6 {
The break isn't nearly so effective now with the Black king still in the
centre.} 10. exd5 Nb4 11. Bc4 b5 $6 12. Ndxb5 Rc8 13. d6 O-O {Best.} (13...
Rxc4 14. dxe7 {followed by Nd6+ is overwhelming.}) 14. dxe7 Qxe7 15. Nd6 Be6 {
The best practical chance, although White should win comfortably from here.}
16. Bxe6 Qxe6 17. Nxc8 Rxc8 18. Kb1 $2 (18. Bd4 {kills off any counterplay.})
18... Ne4 $1 19. Qd8+ {Forced in view of the threatened R or B xc3 followed by
...Qa2.} Bf8 (19... Rxd8 20. Rxd8+ Bf8 21. fxe4 $18 ({...but not} 21. Bh6 {
immediately, as Black gets in first:} Nxc3+ 22. bxc3 Qxa2+ 23. Kc1 Qxc2#)) 20.
Qxc8 Qxc8 21. fxe4 {...and White retains a decisive material advantage
although a draw was eventually agreed to avoid adjudication. ½-½} 1/2-1/2

[Event "London League"]
[Site "London"]
[Date "1979.12.12"]
[Round "?"]
[White "Philip Gasper, (White)"]
[Black "Roy Watts, (Black)"]
[Result "1-0"]
[WhiteElo "187"]
[BlackElo "174"]
[Annotator "Philip Gasper"]
[PlyCount "75"]
[EventDate "1978.04.13"]
[EventType "simul"]
[EventRounds "145"]
[SourceVersionDate "2020.02.28"]
[WhiteTeam "W&W"]
[BlackTeam "East Ham"]

{Notes (tongue in cheek) by Philip Gasper.} 1. c4 {Since this was my first
game on board 1 for Wanstead since September 1977, it deserves to be committed
to posterity!} e5 2. Nc3 Nc6 3. e3 {The first significant moment - obviously
White's plan is to push the d-pawn as far as possible.} g6 {The second
significant point - White now has a second strategy to follow: swap off the
dark squared bishops and infiltrate with the king to f6 or h6.} 4. d4 exd4 5.
exd4 Bg7 6. Nf3 d6 7. d5 Ne5 8. Nxe5 dxe5 9. Be2 Ne7 10. O-O O-O 11. f4 Nf5 12.
Bg4 h5 13. Bxf5 Bxf5 14. fxe5 Bxe5 15. Bf4 Bxf4 16. Rxf4 {An important part of
the winning plan is accomplished.} Qd6 17. Qd4 c6 $2 {Allowing White to
accomplish the first-stated part of his strategy. The rest is technique.} 18.
c5 Qd8 19. Re1 Re8 20. Rxe8+ Qxe8 21. Ne4 Bxe4 22. Rxe4 Qd7 23. d6 Re8 24. h3
Rxe4 25. Qxe4 f5 26. Qe5 Kf7 27. h4 b6 28. b4 bxc5 29. bxc5 Qd8 30. g3 Qd7 31.
Kf2 Qb7 32. Kf3 a5 33. Qc3 Qa6 34. Kf4 Qa8 35. Qc4+ Kf6 36. Qd4+ Kf7 37. d7
Qb8+ 38. Qd6 {Now after 38 ...Qb4+ 39 Kg5 Qg4+ 40 Kh6, the d-pawn reaches the
8th rank and White will have achieved both the plans begun at move 3.
Therefore BLACK RESIGNED.} 1-0

[Event "Essex League"]
[Site "East Ham"]
[Date "1980.01.03"]
[Round "?"]
[White "Harry Woolverton, (White)"]
[Black "Philip Gasper, (Black)"]
[Result "0-1"]
[WhiteElo "177"]
[BlackElo "187"]
[Annotator "Philip Gasper"]
[PlyCount "66"]
[EventDate "1978.04.13"]
[EventType "simul"]
[EventRounds "145"]
[SourceVersionDate "2020.02.28"]
[WhiteTeam "East Ham"]
[BlackTeam "W&W 1"]

{Notes by Philip Gasper. (Modern interjections prefixed "WM:" = Webmaster.)} 1.
c4 c5 {The last time I didn't move my c-pawn two squares on move 1 (with
either colour) was over two years ago.} 2. Nf3 Nc6 3. Nc3 g6 4. g3 Bg7 5. Bg2
e6 6. d3 Nge7 7. O-O O-O 8. Bf4 d5 9. Qc1 Re8 {This isn't given in
Encyclopedia of Chess Openings, so I presume it's a TN (theoretical novelty) -
at any rate, I think it's a good move. The main point is to avoid the exchange
of dark squared bishops, but I also had an idea that the rook might prove
well-placed on the e-file later on.} 10. Bh6 Bh8 11. h4 $6 {After the game my
opponent told me that he thought this a good move, but I can't really believe
that such a wing thrust is correct when Black's position is so well
centralised.} b6 12. h5 Bb7 13. Nh4 {Consistent, but White's forces are
becoming somewhat decentralised...} Nd4 {...whereas the black pieces control
the centre of the board.} 14. e4 $1 {A very good move. Before things have gone
too far, White seeks to clarify matters in the centre, takes f5 away from the
black knights and prevents a possible later plan of Black's to capture on c4
and swap off the white squared bishops. The move also has the concrete threat
of advancing the f-pawn to put further pressure on g6. But e4 also has its
drawbacks - most notably Black's knight on d4 is nor firmly established. I was
now unwilling to prevent the advance of White's f-pawn by playing ...f5, as
this would weaken my K-side. I decided instead to try an interesting pawn
sacrifice in an attempt to exploit my slightly better central position.} b5 $5
15. cxb5 c4 $1 16. dxc4 (16. exd5 Nxd5 $1 {e.g.} 17. Qd2 cxd3 18. Qxd3 Nb4 19.
Qd2 Bxg2 20. Kxg2 Qd7 21. a4 Qb7+ 22. Kg1 Rad8 {with fine compensation for the
pawn.}) 16... dxe4 {The point is that the pawn is immune due to forking
threats on e2. Black now has excellent central control.} 17. Rd1 (17. Re1 $16)
17... Qc8 18. b3 Nef5 19. Nxf5 exf5 20. Rd2 {White should probably look for an
improvement around here - Black is now able to swap off light squared bishops
and create mating threats.} Nf3+ 21. Bxf3 exf3 22. Nd5 $1 f4 $1 23. Nxf4 Re4 $6
{Too eager to justify my 9th move! Much better here would have been 23 ...Qg4
with very strong threats which I don't see how White can meet.} ({WM:} 23...
Qg4 24. c5 Be4 25. Qf1 g5 26. Rc1 gxf4 27. Bxf4 Qxh5 28. c6 Rac8 29. a4 Qg4 30.
a5 h5 $15) 24. Qd1 Bc3 25. Kh2 ({WM:} 25. Rd3 Be5 26. Rd7 $18) 25... Qe8 26.
Rc1 Bxd2 27. Qxd2 Qe5 28. Rd1 ({WM:} 28. Qd7 $16) 28... Re8 29. Qd6 Qf5 30.
hxg6 (30. g4 $1 Qe5 (30... Qxg4 31. Qf6 $18) 31. Qxe5 R4xe5 32. Rd6 $16) 30...
hxg6 31. Nh3 $2 {WM: This is where White loses the game.} ({WM:} 31. g4 $16 {
as before.}) 31... Bc8 32. Ng5 Qg4 33. Qd5 Qh5+ {0-1} 0-1

[Event "Essex League"]
[Site "Wanstead"]
[Date "1980.01.22"]
[Round "?"]
[White "Ian Robson, (White)"]
[Black "Ian Hunnable, (Black)"]
[Result "0-1"]
[WhiteElo "178"]
[BlackElo "168"]
[Annotator "Hunnable,Ian"]
[PlyCount "112"]
[EventDate "1980.01.22"]
[EventType "simul"]
[EventRounds "145"]
[SourceVersionDate "2020.02.28"]
[WhiteTeam "W&W 1"]
[BlackTeam "Brentwood"]

1. e4 Nf6 2. e5 Nd5 3. Nc3 {One of the less aggressive systems where White
does not "try for too much".} Nxc3 4. bxc3 d5 5. d4 c5 6. Nf3 Nc6 7. Be2 Bf5 8.
O-O e6 9. h3 {Planning to attack with g4, f4 and f5 but as will be seen the
idea has a flaw.} c4 {With the central pawn block fixed, Black will play on
the Q-side against the weaknesses at c2, c3 and a2, whereas White will follow
the counter measure mentioned above. Black will quite happilu be able to
castle Q-side since White is hard pressed to organise anything significant on
the b-file.} 10. Ne1 Qa5 11. Qd2 (11. Bd2 {allows} Ba3 {...and a possible ...
Bb2 etc.}) 11... h5 {Pointing up the fault of White's plan.} 12. f4 b5 13. g4
$6 {Consequently continuing with his plan in spite of the above dangers. But
White can hardly sit back and watch the play develop against his Q-side.} hxg4
14. hxg4 Be4 15. Bf3 Bxf3 16. Rxf3 {Wiuth the opening up of the h-file Black
has extended operations to a second front, with the possibility of a pincer
movement.} O-O-O 17. a4 Be7 18. Ba3 Bxa3 19. Rxa3 Rh4 20. Rg3 Rdh8 21. Nf3 Rh1+
22. Kf2 {Now if Black could transfer his Q to the K-side the white monarch
would topple.} b4 ({But on} 22... bxa4 {intending ...Qb5 and ...Qb1, White
plays} 23. Rg1 {Securing the FIRST RANK against the said incursion. However,
this line has the not incosiderable merit of a passed a-pawn and may
represennt the best play. Over-the-board, the ending ensuing from the text
also looked promising.}) 23. cxb4 Qxb4 24. Qxb4 Nxb4 25. c3 Nd3+ 26. Ke3 R8h3
27. Rxh3 Rxh3 28. Ra1 Rg3 29. Rg1 ({Forced, since} 29. g5 {allows} Rg4 30. Ne1
Rg1 $1 31. Nc2 Rg3+ 32. Kd2 Nxf4 33. Rf1 Rd3+ 34. Kc1 ({if} 34. Ke1 Ng2+ 35.
Ke2 Rxc3 $19) 34... Ne2+ 35. Kb2 Rxc3 36. Rxf7 Rb3+ 37. Ka1 Nc3 38. Rf1 Nxa4
$19) 29... Rxg1 30. Nxg1 a5 31. Nf3 Kd7 32. f5 Nb2 33. Kd2 Nxa4 34. Ng5 Ke7 35.
Kc2 Nb6 36. Kb2 Na4+ 37. Kc2 {End of session. Adjudication. BLACK WIN given.
0-1  The remaining moves below, were NOT part of the game, but constitute
analysis by Alan Marshall demonstrating the winning process.} {Analysis:} exf5
38. gxf5 g6 {Now (A)} 39. f6+ ({Or (B)} 39. fxg6 fxg6 40. Nf3 Nb6 41. Kb2 Ke6
42. Ka3 Kf5 43. Nh4+ Kg5 44. Nf3+ Kf4 45. Nh4 g5 46. Ng6+ Kf5 47. Ne7+ Ke6 48.
Ng6 Kf7 49. Nh8+ Kg7 50. e6 Nc8 51. Nf7 g4 52. Ng5 g3 53. Nf3 Nb6 $19) 39...
Kf8 40. Nh3 {40 Nf3 is little idfferent and 40 e6 fails to fxe6 41 Nxe6+ Kf7
etc.} Kg8 41. Ng5 Nb6 {The knight's tour begins, heading for e6.} 42. Kb2 Na8
43. Ka3 Nc7 44. Ka4 Ne6 45. Nf3 g5 46. Kxa5 g4 47. Ng1 Kh7 48. Kb4 ({Not} 48.
Kb6 Nxd4 $1) 48... Kg6 49. Ka3 Kf5 50. Kb2 Ke4 51. Kc2 Ke3 52. Kd1 Kd3 53. Ne2
g3 54. Nxg3 Kxc3 55. Ne2+ Kd3 56. Ke1 c3 $19 0-1

[Event "Essex League"]
[Site "Wickford"]
[Date "1980.02.14"]
[Round "?"]
[White "George Fernie, (White)"]
[Black "P Hickman, (Black)"]
[Result "1-0"]
[WhiteElo "147"]
[BlackElo "134"]
[Annotator "First Rank"]
[PlyCount "72"]
[EventDate "1978.04.13"]
[EventType "simul"]
[EventRounds "145"]
[SourceVersionDate "2020.02.28"]
[WhiteTeam "Wickford"]
[BlackTeam "W&W 1"]

1. c4 Nf6 2. Nc3 c5 3. g3 Nc6 4. Bg2 d6 5. Nf3 g6 6. d4 cxd4 7. Nxd4 Nxd4 8.
Qxd4 Bg7 9. O-O O-O 10. e4 Nd7 11. Qd1 Ne5 12. Qe2 Bd7 13. Bd2 Rc8 14. b3 a6
15. Rac1 Re8 16. h3 Rc7 $2 17. Nd5 Rc8 18. Be3 Rb8 {Making a flight square for
the queen, nut remarkably Black loses the exchange. Black is in fact in a
corner, e.g.} (18... e6 19. Bb6 Qg5 20. h4 Qh5 21. Qxh5 gxh5 22. Nf4 {winning
a pawn with an excellent game:} Bh6 23. Nxh5 Bxc1 24. Nf6+ $18) 19. Ba7 Nc6 ({
If} 19... Ra8 20. Bb6 Qc8 21. Nc7 $16) 20. Bxb8 Qxb8 21. Rfd1 Bd4 22. Rd3 e5 $2
23. Nf6+ Kg7 24. Nxe8+ Qxe8 25. Qd2 Bc5 26. Kh2 Qd8 27. Rd1 Bb4 28. Qb2 Qf6 29.
a3 Bc5 30. b4 Bd4 31. Qd2 b6 32. f4 Qe6 33. b5 axb5 34. cxb5 Na7 35. Rxd4 Bxb5
(35... exd4 36. Qxd4+ Kg8 37. Qxb6 Nxb5 38. a4 Nc3 39. Rxd6 Qe7 40. Qd4 $18)
36. Rxd6 Qc4 {...at which point, BLACK RESIGNED.} 1-0

[Event "Essex League"]
[Site "Chadwell Heath"]
[Date "1979.12.05"]
[Round "?"]
[White "Alan Marshall, (White)"]
[Black "L R Parrott, (Black)"]
[Result "1-0"]
[WhiteElo "190"]
[BlackElo "143"]
[Annotator "First Rank"]
[PlyCount "67"]
[EventDate "1978.04.13"]
[EventType "simul"]
[EventRounds "145"]
[SourceVersionDate "2020.02.28"]
[WhiteTeam "Chadwell Heath"]
[BlackTeam "W&W 1"]

1. e4 g6 2. Nc3 Bg7 3. f4 d6 4. Bc4 a6 5. a4 c5 6. d3 Nc6 7. Nf3 e6 8. O-O Nge7
9. Qe2 O-O 10. Nd1 Nd4 11. Nxd4 cxd4 12. Bb3 Bd7 13. Bd2 b5 14. c4 bxc4 15.
Bxc4 Nc6 16. b4 Qb6 17. a5 Qb7 18. Nf2 Na7 19. f5 $1 exf5 20. exf5 Bxf5 21.
Rae1 Nc6 22. Ne4 Rae8 23. Qf3 Bxe4 24. Rxe4 Ne5 25. Rxe5 {Forced.} Qxf3 26.
Rxe8 Qxf1+ $2 (26... Qh5 27. Bxf7+ Kh8 28. Ree1 $11) 27. Kxf1 Rxe8 28. Bxa6 Bf6
29. b5 Rb8 30. Bf4 Be5 31. Bd2 d5 32. b6 Bd6 33. Bb5 Bc5 34. Bf4 {1-0} 1-0

[Event "London League"]
[Site "London"]
[Date "1979.12.12"]
[Round "?"]
[White "Alan Marshall, (White)"]
[Black "K Warren, (Black)"]
[Result "1-0"]
[WhiteElo "190"]
[BlackElo "180"]
[Annotator "First Rank"]
[PlyCount "69"]
[EventDate "1978.04.13"]
[EventType "simul"]
[EventRounds "145"]
[SourceVersionDate "2020.02.28"]
[WhiteTeam "W&W 1"]
[BlackTeam "East Ham"]

1. e4 e5 2. Nc3 Nf6 3. f4 d5 4. fxe5 Nxe4 5. d3 Nxc3 (5... Qh4+ 6. g3 Nxg3 7.
Nf3 Qh5 8. Nxd5 $16 {is a well-known trap.}) 6. bxc3 Nc6 7. Nf3 Bg4 8. d4 Be7
9. Bd3 Bh4+ 10. g3 Be7 11. h3 Be6 12. Qe2 Qd7 13. Qg2 f6 14. exf6 Bxf6 15. Bg5
Qe7 $6 16. Bxf6 Qxf6 17. O-O Qh6 18. Rae1 O-O 19. Kh2 Rae8 $2 20. h4 Kh8 21.
Ng5 Bg8 22. Bxh7 Qd6 23. Rxe8 Rxe8 24. Bxg8 Kxg8 25. Qf3 Rf8 26. Qxf8+ Qxf8 27.
Rxf8+ Kxf8 28. Ne6+ Kf7 29. Nxc7 Ne7 30. g4 a6 31. Kg3 g6 32. Kf4 Kf6 33. a4
Kf7 34. Ke5 Ng8 35. Nxd5 {1-0} 1-0

[Event "London League"]
[Site "London"]
[Date "1980.02.22"]
[Round "?"]
[White "F C Manning, (White)"]
[Black "Terry Whitton, (Black)"]
[Result "0-1"]
[WhiteElo "150"]
[BlackElo "167"]
[Annotator "Terry Whitton"]
[PlyCount "34"]
[EventDate "1978.04.13"]
[EventType "simul"]
[EventRounds "145"]
[SourceVersionDate "2020.02.28"]
[WhiteTeam "W & W"]
[BlackTeam "Wimbledon 2"]

{Comments by Terry Whitton.} 1. e4 e5 2. Nf3 Nf6 3. Nxe5 d6 4. Nxf7 $6 {
A known gambit, but bad.} Kxf7 5. Bc4+ d5 6. exd5 Bd6 7. d4 $2 {7 O-O is
needed.} Re8+ 8. Be3 Kg8 9. Bb3 Kh8 10. c4 Ng4 11. Kd2 Nxe3 12. fxe3 Qg5 13.
Qf3 Rxe3 $1 14. Qxe3 Bf4 15. Qxf4 Qxf4+ 16. Kc3 Qe3+ 17. Kb4 a5+ {0-1 Clock
times taken: W - 55m; B - 7m.} 0-1